|
|
|
|
| LEADER |
01708nam a2200433 a 4500 |
| 001 |
000649167 |
| 003 |
CZ BrMZK |
| 005 |
20080421151445.0 |
| 007 |
ta |
| 008 |
030128s2003 xr e c dcze d |
| 020 |
|
|
|a 80-900104-7-4
|q (brož.)
|
| 040 |
|
|
|a BOA001
|b cze
|
| 043 |
|
|
|a e-xr---
|
| 045 |
|
|
|a x5x9
|
| 072 |
|
7 |
|a 75
|x Malířství
|2 Konspekt
|9 21
|
| 080 |
|
|
|a 75(437.3)
|2 MRF
|
| 080 |
|
|
|a 7.037.7
|2 MRF
|
| 080 |
|
|
|a 741/744(437.3)
|2 MRF
|
| 080 |
|
|
|a 7.041.3-055.2
|2 MRF
|
| 080 |
|
|
|a (437.3)
|2 MRF
|
| 080 |
|
|
|a (083.824)
|2 MRF
|
| 245 |
0 |
0 |
|a Jiří Kovařík :
|b 1932-1994 : obrazy a kresby : Západočeská galerie, výstavní síň "13" leden - březen 2003 /
|c [texty katalogu: Jana Potužáková, Tomáš Vlček, Milan Knížák]
|
| 260 |
|
|
|a Praha :
|b Kincl & Hauner,
|c 2003
|
| 300 |
|
|
|a 1 nestránkovaný sv. :
|b barev. il. ;
|c 23 cm
|
| 500 |
|
|
|a Katalog výstavy
|
| 600 |
1 |
7 |
|a Kovařík, Jiří,
|d 1932-1994
|7 jn20000728320
|2 czenas
|
| 650 |
0 |
7 |
|a česká kresba
|7 ph116857
|y 20. stol.
|2 czenas
|
| 650 |
0 |
7 |
|a ženské akty
|7 ph127962
|2 czenas
|
| 650 |
0 |
7 |
|a české malířství
|7 ph116864
|y 20. stol.
|2 czenas
|
| 650 |
0 |
7 |
|a magický realismus (umění)
|7 ph122540
|z Česko
|2 czenas
|
| 655 |
|
7 |
|a katalogy výstav
|7 fd132536
|2 czenas
|
| 700 |
1 |
|
|a Knížák, Milan,
|d 1940-
|7 jk01060827
|4 wfw
|
| 700 |
1 |
|
|a Kovařík, Jiří,
|d 1932-1994
|7 jn20000728320
|4 hnr
|
| 700 |
1 |
|
|a Potužáková, Jana,
|d 1942-
|7 jn20010310455
|4 wfw
|
| 700 |
1 |
|
|a Vlček, Tomáš,
|d 1941-
|7 jk01150130
|
| 710 |
2 |
|
|a Západočeská galerie (Plzeň, Česko)
|7 kn20010709207
|
| 910 |
|
|
|a BOA001
|b 2-1113.326
|
| 990 |
|
|
|a BK
|
| 996 |
6 |
|
|b 2610180653
|c 2-1113.326
|l MZK
|r Sklad / do 1 hodiny
|n 0
|p p.v.
|w 000649167
|u 000010
|a 1
|e BOA001
|j MZK50
|s P
|